000 00533nam a2200157Ia 4500
008 180921t2017 xxu||||| |||| 00| 0 sin d
041 _asin
100 _aස්ටයින්, ආර්.එල්
245 _aපණ ඇති රූකඩයේ රාත්‍රිය
260 _bමල්පියලි
_aදංකොටුව
_c2017
300 _aසෙ.මි.21, පි.144
700 _aගාමිණී සමරකෝන්
_eපරි.
942 _cBK
999 _c11429
_d11429
003 LK-CoDNM
040 _aLK-CoDNM
_dLK-CoDNM
_eLK-CoDNM